| 000 | 01305nam a22003497a 4500 | ||
|---|---|---|---|
| 001 | 845 | ||
| 005 | 20230711142114.0 | ||
| 008 | 230711b cb ||||| |||| 00| 0 eng d | ||
| 020 |
_a0590010891 (pbk.) : _c$4.99 |
||
| 040 |
_aLKR _cLKR _dSLC _dOHI _dDLC _beng |
||
| 050 | 0 | 0 | _aPZ8.W92 |
| 082 | _a813.54 | ||
| 100 | 1 |
_aWrede, Patricia C., _d1953- |
|
| 245 | 1 | 0 |
_aStar Wars, episode I : _bthe phantom menace / _cPatricia C. Wrede ; based on the screenplay and story by George Lucas. |
| 246 | 3 |
_aStar Wars, episode one : _bthe phantom menace |
|
| 246 | 3 | 0 | _aPhantom menace |
| 250 | _aFirst Scholastic printing, June 1999. | ||
| 260 |
_aNew York : _bScholastic, _c1999. |
||
| 300 |
_a178 pages : _bcolor illustrations ; _c20 cm. |
||
| 490 | 1 | _aStar Wars, episode I | |
| 500 | _a"Lucas books." | ||
| 505 | _aR | ||
| 520 | _aA long time ago in a galaxy far, far away... A world is threatened. A young queen must save her people. A dark evil rises again. A young jedi is discovered. The journey begins. | ||
| 521 |
_a710
_bLexile |
||
| 521 |
_aR _bRaz-Plus |
||
| 655 | 7 |
_aScience fiction. _2gsafd |
|
| 655 | 7 |
_aFilm novelizations. _2lcsh |
|
| 655 | 7 |
_aStar wars fiction. _2lcsh |
|
| 700 | 1 |
_aLucas, George, _d1944- |
|
| 906 |
_a0 _bcbc _ccopycat _d2 _encip _f20 _gy-genrareb |
||
| 942 |
_2ddc _cBK _n0 |
||
| 999 |
_c845 _d845 |
||